000 02965cam a22006134i 4500
003 PE-LiUPU
005 20260512085008.0
008 150706s2005 sp r 000 0 spa d
020 _a8434437195
035 _a(Sirsi) i9788434437197
040 _aPE-LiUPU
_bspa
_cPE-LiUPU
_dPE-LiUPU
_erda
049 _aPRUA
082 0 4 _a174.2
_bJ76
_221
100 1 _aJonsen, Alberto R.,
_eautor.
245 1 0 _aÉtica Clínica :
_baproximación práctica a la toma de decisiones éticas en la medicina clínica /
_cAlbert R. Jonsen, Mark Siegler, William J. Winslade.
264 1 _aBarcelona :
_bAriel,
_c2005 .
300 _a351 páginas ;
_c21 centímetros.
336 _atext
_2rdacontent
337 _aunmediated
_2rdamedia
338 _avolume
_2rdacarrier
490 0 _aAriel ciencias médicas
500 _aEn la port.: Fundació Víctor Grífols i Lucas.
505 0 _aIndicaciones para intervenir médicamente -- Intervenciones inapropiadas -- Las órdenes de "no reanimar" -- Los cuidados médicos del paciente moribundo -- Las preferencias de los pacientes -- El consentimiento informado -- La capacidad de decisión -- Las creencias motivadas por la diversidad religiosa y cultural -- La comunicación veraz -- La negativa al tratamiento del paciente competente -- La planificación anticipada de la asistencia sanitaria deseada -- La toma de decisiones en los pacientes discapacitados mentales -- La calidad de vida -- La mejora y el realce de la calidad de vida -- Criterios objetivos en la determinación de la calidad de vida -- La eutanasia y el suicidio asistido -- El suicidio -- Los rasgos contextuales -- El papel de las partes interesadas -- La confidencialidad del médico -- La economía sanitaria -- La distribución de los escasos recursos sanitarios -- La religión -- El papel del derecho en la ética clínica -- La investigación clínica -- La docencia clínica -- La medicina ocupacional -- La sanidad pública -- Los comités de ética -- Las consultas éticas.
526 _aSEG68
526 _aSEG70
526 _aSEG69
526 _aSEG67
526 _aSEG43
526 _aP144
526 _aP143
526 _aP131
526 _aP122
526 _aP120
526 _aP117
526 _aP112
526 _aP110
526 _aP106
526 _aP101
526 _aP80
526 _aP59
526 _aP54
526 _aP35
526 _aP33
526 _aP30
650 0 4 _aMedicina clínica
_xToma de decisiones.
650 0 4 _aMédicos
_xMoral profesional.
700 1 _aSiegler, Mark,
_eautor.
700 1 _aWinslade, William J.,
_eautor.
910 _agl
942 _2ddc
_cBOOK
949 _a174.2 J72
_wDEWEY
_c1
_i60454
_d2016-6-8
_e2016-6-8
_lCCODEBUL1
_mBUL
_n1
_p55.00
_r0
_sY
_tBOOK
_u2015-7-6
_xSALUD
_0COMPRA
_o.STAFF. Colección Ciencias de la Salud
980 _818226
_gJaime Vilcazán Jefe de Análisis Documental
999 _c49908
_d49908